000 00758nam a2200157 i 4500
001 152864
003 ES-MaACL
005 20251217063019.0
008 931025s1868 sp |||| | spa d
100 1 _aBurgos, Javier de,
_d1842-1902
_9139909
245 1 0 _aCádiz a vista de pajaro
_b: revista fantástica-lírico-dramática-burlesca de gran espectáculo, original y en verso /
_cpor Javier de Burgos.
260 _aCádiz :
_b[s.n.],
_c1868 (
_fImprenta de la Revista Médica a cargo de Federico Joly)
300 _a27 p. ;
_c20 cm.
852 _aES-MaACL
_jF-8577(4)
_z-- Enc. pasta española, falto de la cub. original
_z-- Enc. en un vol. facticio, formando parte de la col. facticia "Teatro español moderno", vol. 30
999 _c152864
_d152864